Russian List of Unfriendly Countries - Statistics

General Stats
  • This quiz has been taken 349 times
    238 since last reset
  • The average score is 39 of 49
Answer Stats
EU Member/Continent Answer % Correct
Europe United Kingdom
97%
North America United States
97%
North America Canada
95%
EU Finland
94%
Oceania Australia
93%
EU Germany
92%
EU Poland
92%
EU Spain
92%
EU Sweden
92%
EU Portugal
91%
EU France
90%
Asia Japan
90%
Europe Norway
90%
EU Estonia
89%
EU Latvia
88%
Oceania New Zealand
87%
EU Austria
86%
EU Belgium
86%
EU Czechia
86%
EU Denmark
86%
EU Slovakia
86%
EU Slovenia
86%
EU Greece
85%
EU Hungary
85%
EU Lithuania
85%
EU Netherlands
85%
EU Romania
85%
EU Bulgaria
83%
EU Croatia
83%
Asia South Korea
83%
Europe Ukraine
83%
EU Italy
82%
EU Ireland
81%
EU Luxembourg
81%
Europe Switzerland
81%
Europe Albania
79%
Europe Iceland
78%
Europe Andorra
77%
Europe Liechtenstein
74%
Europe San Marino
72%
Europe Monaco
71%
Europe Montenegro
68%
Europe North Macedonia
63%
Asia Taiwan
61%
EU Malta
60%
EU Cyprus
56%
Asia Singapore
47%
Oceania Federated States of Micronesia
32%
North America Bahamas
30%
No matching quizzes found
Score Distribution
Percent of People with Each Score
Percentile by Number Answered
Your Score History
You have not taken this quiz since the last reset